000 00656nam a22002057a 4500
003 BD-DhJNU
005 20250721045307.0
008 250721b |||||||| |||| 00| 0 eng d
040 _aBD-DhJNU
_bENG
_cBD-DhJNU
_dBD-DhJNU
082 _223
_a320.1 BRP
100 _aBrecht, Arnold
245 _aPolitical theory :
_bthe foundations of twentieth century political thought/
_cArnold Brecht
260 _aBombay :
_bThe Times of India Press,
_c1970.
300 _axi, 603p. :
_bill. ;
_c23 cm.
504 _aIncludes indexes
650 _aState Theory Political Science
650 _aPolitical Science
650 _aSocial Sciences
942 _2ddc
_cBK
_n0
999 _c1921
_d1921